| 000 | 01232nac a22002291u 4500 | ||
|---|---|---|---|
| 008 | 100915t xxu||||| |||| 00| 0 eng d | ||
| 020 | _a8176843598 (Vol.3) | ||
| 020 | _a8176843512 (Vol.1) | ||
| 020 | _a8176843520 (Vol.2) | ||
| 082 |
_a629.23 _bCHH |
||
| 100 |
_aChhikara, Anil _919254 |
||
| 245 |
_aAutomobile Engineering / _cAnil Chhikara |
||
| 250 |
_a3rd ed. _bRevised & covering latest technologies |
||
| 260 |
_aNew Delhi: _bSatya Prakashan,2006 _c2006 |
||
| 300 |
_a3 v. : _bill.; _c23 cm. |
||
| 505 | _aVol.1: Engine System -- Vol.2: Power Transmission -- Vol.3: Automobile Marketing and Workshop Techniques | ||
| 650 |
_aAutomobiles _919247 _xDesign and construction. |
||
| 942 |
_cBB _k629.23CHH _2ddc |
||
| 999 |
_c4219 _d4219 |
||